|
|
|
|
| LEADER |
01435nam a2200289 a 4500 |
| 001 |
33877 |
| 003 |
BD-DhAAL |
| 005 |
20211123114049.0 |
| 008 |
181017t2012 xxua|||| |||| 00| 0 eng d |
| 999 |
|
|
|c 40096
|d 40096
|
| 020 |
|
|
|a 9780099528241
|
| 040 |
|
|
|a BD-DhAAL
|
| 082 |
|
|
|2 23
|a 813.6
|
| 100 |
|
|
|a Waldman, Amy
|9 28434
|
| 245 |
|
|
|a The submission /
|c Amy Waldman
|
| 260 |
|
|
|a London :
|b Windmill Books,
|c 2012.
|
| 300 |
|
|
|a 385 pages ;
|c 20 cm.
|
| 500 |
|
|
|a Fiction
|
| 520 |
|
|
|a
A jury gathers in Manhattan to select a memorial for the victims of a devastating terrorist attack. Their fraught deliberations complete, the jurors open the envelope containing the anonymous winner's name - and discover he is an American Muslim. Instantly they are cast into a roiling debate about the claims of grief, the ambiguities of art, and the meaning of Islam. Their conflicted response is only a preamble to that of the country
|
| 526 |
|
|
|a ENH
|
| 541 |
|
|
|a Karim International
|e 33877
|
| 650 |
|
|
|a September 11 Terrorist Attacks (2001)
|x Social aspects
|v Fiction.
|9 28435
|
| 650 |
|
|
|a Memorials
|v Fiction.
|9 28436
|
| 650 |
|
|
|a English literature
|9 43034
|
| 852 |
|
|
|a Ayesha Abed Library
|c General Stacks
|
| 942 |
|
|
|2 ddc
|c BK
|
| 952 |
|
|
|0 0
|1 0
|2 ddc
|4 0
|6 813_600000000000000_WAL
|7 0
|9 64482
|a BRACUL
|b BRACUL
|c GEN
|d 2018-10-15
|e Karim International
|g 556.00
|l 5
|m 13
|o 813.6 WAL
|p 3010033877
|q 2026-06-02
|r 2026-05-16
|s 2026-05-16
|t 1
|v 556.00
|w 2018-10-15
|y BK
|